METODOS CUANTITATIVOS PARA LA TOMA DE DECISIONES EN ADMINISTRACION (Registro nro. 218085)
[ vista simple ]
| 000 -LEADER | |
|---|---|
| campo de control de longitud fija | 00870nam a2200289Ia 4500 |
| 005 - FECHA Y HORA DE LA ÚLTIMA TRANSACCIÓN | |
| campo de control | 20250425161901.0 |
| 008 - DATOS DE LONGITUD FIJA--INFORMACIÓN GENERAL | |
| campo de control de longitud fija | 250425s9999 xx 000 0 und d |
| 020 ## - NÚMERO INTERNACIONAL ESTÁNDAR DEL LIBRO | |
| Número Internacional Estándar del Libro | 9684513127 |
| 041 ## - CÓDIGO DE IDIOMA | |
| Código de lengua del texto/banda sonora o título independiente | spa |
| 043 ## - CÓDIGO DE ÁREA GEOGRÁFICA | |
| Código de área geográfica | mx |
| 082 ## - NÚMERO DE LA CLASIFICACIÓN DECIMAL DEWEY | |
| Número de clasificación | 658.403 |
| 010 ## - NÚMERO DE CONTROL DE LA BIBLIOTECA DEL CONGRESO | |
| Número de control de LC | 33632 |
| 100 ## - ENTRADA PRINCIPAL--NOMBRE DE PERSONA | |
| Nombre de persona | GALLAGHER, CHARLES A. |
| 245 #0 - MENCIÓN DEL TÍTULO | |
| Título | METODOS CUANTITATIVOS PARA LA TOMA DE DECISIONES EN ADMINISTRACION |
| 250 ## - MENCION DE EDICION | |
| Mención de edición | 1A ED. |
| 260 ## - PUBLICACIÓN, DISTRIBUCIÓN, ETC. | |
| Lugar de publicación, distribución, etc. | México |
| Nombre del editor, distribuidor, etc. | MCGRAW-HILL INTERAMERICANA DE MEXICO, S.A. |
| Fecha de publicación, distribución, etc. | 1982 |
| 260 ## - PUBLICACIÓN, DISTRIBUCIÓN, ETC. | |
| Lugar de publicación, distribución, etc. | S.L. |
| 300 ## - DESCRIPCIÓN FÍSICA | |
| Extensión | 612 |
| 500 ## - NOTA GENERAL | |
| Nota general | Título Traducido: QUANTITATIVE METTODS FOR BUSINESS DECISIONS |
| 650 ## - PUNTO DE ACCESO ADICIONAL DE MATERIA--TÉRMINO DE MATERIA | |
| Término de materia o nombre geográfico como elemento de entrada | METODOS CUANTITATIVOS |
| 650 ## - PUNTO DE ACCESO ADICIONAL DE MATERIA--TÉRMINO DE MATERIA | |
| Término de materia o nombre geográfico como elemento de entrada | PROGRAMACION LINEAL |
| 650 ## - PUNTO DE ACCESO ADICIONAL DE MATERIA--TÉRMINO DE MATERIA | |
| Término de materia o nombre geográfico como elemento de entrada | TEORIA DE LOS JUEGOS |
| 650 ## - PUNTO DE ACCESO ADICIONAL DE MATERIA--TÉRMINO DE MATERIA | |
| Término de materia o nombre geográfico como elemento de entrada | TOMA DE DECISIONES |
| 700 ## - ENTRADA AGREGADA--NOMBRE PERSONAL | |
| Nombre de persona | MARCIA GONZALEZ OSUNA |
| Término indicativo de función/relación | traductor |
| 710 ## - ENTRADA AGREGADA--NOMBRE DE ENTIDAD CORPORATIVA | |
| Nombre de entidad corporativa o nombre de jurisdicción como elemento de entrada | MCGRAW-HILL INTERAMERICANA DE MEXICO, S.A. DE C.V. |
| 942 ## - ELEMENTOS DE ENTRADA SECUNDARIOS (KOHA) | |
| Tipo de ítem Koha | Libros |
| Estatus retirado | Estado de pérdida | Estado de daño | No para préstamo | Biblioteca de origen | Biblioteca actual | Ubicación en estantería | Fecha de adquisición | Coste, precio normal de compra | Total de préstamos | Código de barras | Copia número | Nota pública |
|---|---|---|---|---|---|---|---|---|---|---|---|---|
| ESCUELA DE NEGOCIOS | ESCUELA DE NEGOCIOS | 23/02/2001 | 1.00 | D-P 01178 | 7 | DONADO | ||||||
| ESCUELA DE NEGOCIOS | ESCUELA DE NEGOCIOS | 23/02/2001 | 1.00 | D-P 01179 | 8 | DONADO | ||||||
| ESCUELA DE NEGOCIOS | ESCUELA DE NEGOCIOS | 23/02/2001 | 3.00 | CP-00680 | 1 | COMPRA | ||||||
| ESCUELA DE NEGOCIOS | ESCUELA DE NEGOCIOS | 23/02/2001 | 3.00 | CP-00681 | 2 | COMPRA | ||||||
| ESCUELA DE NEGOCIOS | ESCUELA DE NEGOCIOS | 23/02/2001 | 3.00 | CP-00682 | 3 | COMPRA | ||||||
| ESCUELA DE NEGOCIOS | ESCUELA DE NEGOCIOS | 23/02/2001 | 40000.00 | DP-01176 | 4 | |||||||
| ESCUELA DE NEGOCIOS | ESCUELA DE NEGOCIOS | 23/02/2001 | 40000.00 | DP-01177 | 5 | |||||||
| ESCUELA DE NEGOCIOS | ESCUELA DE NEGOCIOS | 23/02/2001 | 40000.00 | DP-01180 | 6 |